000 00567nam a2200229Ia 4500
003 OSt
005 20220924152806.0
006 a|||||r|||| 00| 0
007 ta
008 220923b |||||||| |||| 00| 0 guj d
024 _a344653
037 _cTextual
040 _aARTS
_cARTS
_bguj
041 _2guj
_aguj
082 _aO156,1xN5, K.1-.3
100 _aBhavasar
_9227475
245 0 _aBalgito
260 _c1965
650 _aGUJRATI LITERATURE
942 _hO156,1xN5, K.1-.3
_cTEXL
_2CC
999 _c471002
_d471002